Dryden's relation to his critics /

Bibliographic Details
Main Author: Russell, Doris Aurelia, 1902-
Format: Thesis Microform Book
Language:English
Published: [Place of publication not identified] : [publisher not identified] ; 1950
Subjects:

MARC

Tag First Indicator Second Indicator Subfields
LEADER 00000cam a2200000 a 4500
001 in00000092057
005 20151008064135.0
007 hd af----b---
008 820608r19511950miu ab 00010 engmc
010 |a mid50000589  
035 |a (OCoLC)08500605 
035 |9 AAK3613AM 
040 |a Michigan Univ. Libr.  |c TXA  |d TXA  |d UtOrBLW 
049 |a TXAI 
099 |a film  |a B  |a 282 
100 1 |a Russell, Doris Aurelia,  |d 1902- 
245 1 0 |a Dryden's relation to his critics /  |c Doris Aurelia Russell. 
264 1 |a [Place of publication not identified] :  |b [publisher not identified] ;  |c 1950 
264 4 |c ©1951 
300 |a viii, 233 leaves. 
336 |a text  |b txt  |2 rdacontent 
337 |a microform  |b h  |2 rdamedia 
338 |a microfilm reel  |b hd  |2 rdacarrier 
502 |b Ph. D.  |c Columbia University  |d 1950. 
504 |a Bibliography: leaves 221-233. 
533 |a Microfilm.  |b Ann Arbor, Mich. :  |c University Microfilms,  |d 1951?  |e 1 microfilm reel ; 35 mm. 
500 |a Microform. 
600 1 0 |a Dryden, John,  |d 1631-1700. 
999 |a MARS 
999 f f |s 9cf9dd61-434e-375a-9448-0fb4ac6f1194  |i 8d11ce1d-f056-3edc-a3e5-4eeb675f1adc  |t 0 
952 f f |p default  |a Texas A&M University  |b College Station  |c Sterling C. Evans Library  |d Evans: Microforms (3rd floor)  |t 0  |e film B 282  |h Other scheme  |i microform -- microfilm reel 
998 f f |a film B 282  |t 0  |l Evans: Microforms (3rd floor)